Normal view
MARC view
Entry Personal Name
001 - CONTROL NUMBER
- control field: 631338
003 - CONTROL NUMBER IDENTIFIER
- control field: OSt
005 - DATE AND TIME OF LATEST TRANSACTION
- control field: 20221005122008.0
008 - FIXED-LENGTH DATA ELEMENTS
- fixed length control field: 221005|| aca||aabn | a|a d
040 ## - CATALOGING SOURCE
- Original cataloging agency: OSt
- Transcribing agency: OSt
100 ## - HEADING--PERSONAL NAME
- Personal name: India, Governor General in Council
670 ## - SOURCE DATA FOUND
- Source citation: Work cat.: (OSt)1042942: India, Governor General in Council 631337, Indian local self-government policy 1915, 1915
